Obras completas de San Anselmo / San Anselmo
保存先:
| 第一著者: | |
|---|---|
| フォーマット: | 図書 |
| シリーズ: | BAC. Normal ; 82, 100
|
| 主題: | |
| タグ: |
タグなし, このレコードへの初めてのタグを付けませんか!
|
MARC
| LEADER | 00000nam^a2200000^u^4500 | ||
|---|---|---|---|
| 001 | 000535307 | ||
| 005 | 20250521000000.0 | ||
| 008 | 060220s1000^^^^^^^^^^^^r^^^^^000^0^spa^d | ||
| 009 | 20260310131013.114 | ||
| 035 | |a FMI 000000752 | ||
| 037 | |a Acervo Xavier Clavigero | ||
| 096 | |a 2.1/112/B | ||
| 100 | |a Anselmo |e (autor) | ||
| 245 | 1 | 0 | |a Obras completas de San Anselmo / San Anselmo |
| 264 | |a Madrid : BAC, 1952-53 | ||
| 300 | |a 2 v. | ||
| 336 | |a texto |b txt |2 rdacontenido | ||
| 337 | |a sin mediación |b n |2 rdamedio | ||
| 338 | |a volumen |b nc |2 rdasoporte | ||
| 440 | |a BAC. Normal ; 82, 100 | ||
| 597 | |a v.1. Monologio. Proslogio. Acerca del gramático. De la verdad. Del libre Albedrío. de la caída del demonio. Carta sobre la encarnacióndel verbo. Por qué Dios hizo al hombre.-- v.2. De la Concepción Virginal y el Pecado Original. Sobre la procesión del Espíritu Santo. Cartas Dogmáticas. De la Concorida de la presencia... | ||
| 649 | |a XX | ||
| 650 | |a 1.San Anselmo | ||
| 910 | |a Fondo Francisco Migoya Covarrubias S.J. | ||
| 920 | |a Impresos - Libros | ||
| 930 | |a Fondos Especiales | ||
| 905 | |a 134 | ||
| 901 | |a SBC07396 |b IT2 |c ESP |u 20250521 | ||
| 901 | |a SBC04183 |b IT2 |c ESP |u 20250521 | ||
| 902 | |a https://opac.biblio.iteso.mx/vufind/Record/000535307 | ||